| 000 | 00873nam a22002177a 4500 | ||
|---|---|---|---|
| 003 | 0 | ||
| 005 | 20250215142447.0 | ||
| 008 | 250215b xxu||||| |||| 00| 0 eng d | ||
| 050 |
_aG 156.5 _b.M37 2023 |
||
| 100 | _aMas, Mariane Jasmine | ||
| 245 |
_aMotivational factors of filipinos in domestic travel as basis for viable ecotourism strategies _cMariane Jasmine Mas |
||
| 260 |
_aLas Pinas City _bSouthville International School and Colleges _c2023 |
||
| 300 |
_aviii, 137 pages; _c28cm. |
||
| 500 | _aBachelor of Science in Tourism | ||
| 504 | _aIncludes bibliographical references and appendices. | ||
| 650 | _aDomestic tourism – Motivation – Philippines. | ||
| 650 | _aEcotourism – Sustainable strategies – Philippines. | ||
| 650 | _aTourist behavior – Psychological aspects – Philippines. | ||
| 700 | _aSilvestre, Alexei John | ||
| 942 |
_2lcc _cTH |
||
| 999 |
_c367236 _d367236 |
||